[Event "World Rapid 2023"]
[Site "Samarkand UZB"]
[Date "2023.12.26"]
[EventDate "2023.12.26"]
[Round "2.57"]
[Result "1-0"]
[White "Daniel Dardha"]
[Black "Ediz Gurel"]
[WhiteElo "2543"]
[BlackElo "2345"]
[PlyCount "90"]

1. Nf3 d5 2. g3 g6 3. Bg2 Bg7 4. d4 Nf6 5. O-O O-O 6. c4 c6 7. Qb3 Ne4 8.
Nc3 Nxc3 9. bxc3 b6 10. Ba3 Bb7 11. Rfd1 Nd7 12. Rac1 Rc8 13. cxd5 cxd5 14.
c4 dxc4 15. Rxc4 Rxc4 16. Qxc4 Nf6 17. Ne5 Bxg2 18. Kxg2 Qa8+ 19. Nc6 Re8
20. d5 Qb7 21. e4 b5 22. Qd3 e6 23. Qf3 exd5 24. exd5 Qd7 25. d6 Ng4 26.
Ne7+ Kf8 27. Rc1 Ne5 28. Rc7 Nxf3 29. Rxd7 Ne1+ 30. Kh3 Nc2 31. Rxa7 Nxa3
32. d7 Nc4 33. dxe8=Q+ Kxe8 34. Nd5 Bd4 35. Re7+ Kf8 36. f4 h5 37. Rb7 Nd6
38. Rd7 Bc5 39. Nc7 Ba3 40. Kg2 Kg8 41. Rd8+ Kh7 42. Rb8 b4 43. Nb5 Nc4 44.
Nxa3 bxa3 45. Rb3 1-0

[Event "World Rapid 2023"]
[Site "Samarkand UZB"]
[Date "2023.12.26"]
[EventDate "2023.12.26"]
[Round "2.58"]
[Result "1-0"]
[White "Lev Zverev"]
[Black "Mikhail Kobalia"]
[WhiteElo "2257"]
[BlackElo "2534"]
[PlyCount "22"]

1. e4 c5 2. Nf3 e6 3. d4 cxd4 4. Nxd4 Nc6 5. Nc3 a6 6. Be3 Nf6 7. f4 Bb4 8.
Bd3 O-O 9. Qd2 e5 10. Nxc6 bxc6 11. a3 1-0

[Event "World Rapid 2023"]
[Site "Samarkand UZB"]
[Date "2023.12.26"]
[EventDate "2023.12.26"]
[Round "2.59"]
[Result "0-1"]
[White "Khalil Nafri"]
[Black "Vladislav Kovalev"]
[WhiteElo "2243"]
[BlackElo "2532"]
[PlyCount "110"]

1. e4 e5 2. Nf3 Nc6 3. d4 exd4 4. Nxd4 Qf6 5. Nb5 Bc5 6. Be3 Bxe3 7. fxe3
Qd8 8. Qg4 g6 9. Qf4 d6 10. Bc4 Ne5 11. O-O Qd7 12. Nd2 Qe7 13. Bb3 g5 14.
Qf2 a6 15. Nd4 Nh6 16. h3 Bd7 17. Nc4 O-O-O 18. Nxe5 dxe5 19. Nf5 Nxf5 20.
exf5 Qf6 21. e4 Bc6 22. Qe3 Rd4 23. c3 Rxe4 24. Qa7 Re2 25. Rf2 Rxf2 26.
Qxf2 Rd8 27. Re1 h5 28. Qe3 e4 29. Bc2 Qxf5 30. Bxe4 Bxe4 31. Qxe4 Qxe4 32.
Rxe4 Rd2 33. Re5 f6 34. Rf5 Rxb2 35. Rxf6 Rxa2 36. Rf5 g4 37. Kh2 gxh3 38.
Kxh3 Rc2 39. Rxh5 Rxc3+ 40. Kh4 Kd7 41. g4 Ke6 42. Rh8 b5 43. Ra8 Rc6 44.
g5 Kf7 45. Kh5 b4 46. Rb8 Rb6 47. Rc8 b3 48. Rxc7+ Kf8 49. Rc8+ Ke7 50.
Rc7+ Kd6 51. Rc1 b2 52. Rb1 Ke7 53. g6 Kf8 54. Kh6 Kg8 55. Rd1 Rb8 0-1

[Event "World Rapid 2023"]
[Site "Samarkand UZB"]
[Date "2023.12.26"]
[EventDate "2023.12.26"]
[Round "2.60"]
[Result "1/2-1/2"]
[White "B Adhiban"]
[Black "Emin Ohanyan"]
[WhiteElo "2538"]
[BlackElo "2302"]
[PlyCount "200"]

1. c4 e5 2. g3 Nf6 3. Bg2 Bc5 4. d3 O-O 5. Nf3 Nc6 6. O-O d6 7. Bg5 h6 8.
Bxf6 Qxf6 9. Nc3 Bb6 10. Rb1 Nd4 11. e3 Nxf3+ 12. Qxf3 Qxf3 13. Bxf3 c6 14.
b4 Be6 15. b5 Rac8 16. Na4 Bd8 17. bxc6 bxc6 18. Rb7 a5 19. Rfb1 f5 20. Rb8
Bf6 21. Rxc8 Rxc8 22. Rb7 d5 23. Nc5 Bf7 24. Nd7 e4 25. dxe4 dxe4 26. Nxf6+
gxf6 27. Be2 Rd8 28. Rb2 Kf8 29. Kf1 Ke7 30. a3 Kd6 31. Rb7 Rd7 32. c5+ Ke7
33. Rxd7+ Kxd7 34. Ke1 Ba2 35. Ba6 Ke6 36. Bc8+ Kd5 37. Bxf5 Bb1 38. Kd2
Kxc5 39. Kc3 Kd5 40. f4 Bd3 41. h4 Bf1 42. Bc8 Bg2 43. Ba6 Bf3 44. Bc4+ Kc5
45. Bf7 Bg4 46. Bg6 Kd5 47. Bh7 Bf3 48. Bf5 Bg2 49. Kb3 Kc5 50. h5 Kb5 51.
g4 Bh3 52. Be6 Kc5 53. Kc3 Kd6 54. Bf5 Kd5 55. Bc8 Kc5 56. Bd7 Kd6 57. Bf5
Kd5 58. Kb3 Kc5 59. Bc8 Kb5 60. Kc3 Kc5 61. Kc2 Kb5 62. Bd7 Kc4 63. Bf5 Kb5
64. Kc3 Kc5 65. Bd7 Kd6 66. Bc8 Kc5 67. Kd2 Kd6 68. Kc3 Kc5 69. Bd7 Kd6 70.
Bf5 Kd5 71. Kd2 Kc4 72. Be6+ Kc5 73. Ke2 Kd6 74. Bf5 Kd5 75. Kd2 Kd6 76.
Kc3 Kc5 77. Bxe4 Bxg4 78. Bg6 Be6 79. e4 Kd6 80. Kd4 c5+ 81. Kc3 Ba2 82.
Bf5 Bf7 83. Bg4 Kc6 84. Be2 Kd6 85. Bd1 Be6 86. Bf3 Bf7 87. Bg4 Kc6 88. Be2
Be8 89. Bf3 Kd6 90. Kc4 Bd7 91. Bd1 Be8 92. e5+ fxe5 93. fxe5+ Kxe5 94.
Kxc5 Kf4 95. Kb6 a4 96. Ka5 Kg5 97. Bxa4 Bxh5 98. Kb6 Bf3 99. Be8 h5 100.
Bxh5 1/2-1/2

[Event "World Rapid 2023"]
[Site "Samarkand UZB"]
[Date "2023.12.26"]
[EventDate "2023.12.26"]
[Round "2.61"]
[Result "0-1"]
[White "Harold Wanyama"]
[Black "Jakhongir Vakhidov"]
[WhiteElo "2210"]
[BlackElo "2527"]
[PlyCount "78"]

1. d4 Nf6 2. c4 c5 3. d5 e5 4. Nc3 d6 5. g3 a6 6. Nf3 g6 7. Bg2 Bg7 8. O-O
O-O 9. e4 Nbd7 10. a3 b5 11. cxb5 axb5 12. Nxb5 Ba6 13. Nxd6 Qb8 14. Nxf7
Bxf1 15. Bxf1 Rxf7 16. Ng5 Rf8 17. d6 Qb7 18. Bc4+ Kh8 19. f3 Nb6 20. Qb3
Qa7 21. Be3 Nxc4 22. Qxc4 Rae8 23. Bxc5 Qd7 24. Kg2 h6 25. Nh3 Rc8 26. b4
g5 27. Nf2 g4 28. fxg4 Nxg4 29. Nxg4 Qxg4 30. Qd3 Rf7 31. a4 Rcf8 32. Rd1
Rf3 33. Qd5 Rc3 34. d7 Qe2+ 35. Kh3 Qh5+ 36. Kg2 Qe2+ 37. Kh3 Rc2 38. d8=Q
Qxh2+ 39. Kg4 h5+ 0-1

[Event "World Rapid 2023"]
[Site "Samarkand UZB"]
[Date "2023.12.26"]
[EventDate "2023.12.26"]
[Round "2.63"]
[Result "1/2-1/2"]
[White "Bakhrom Bakhrillaev"]
[Black "Aydin Suleymanli"]
[WhiteElo "2196"]
[BlackElo "2517"]
[PlyCount "144"]

1. d4 Nf6 2. c4 e6 3. Nc3 Bb4 4. e3 O-O 5. Bd3 d5 6. Nf3 c5 7. O-O cxd4 8.
exd4 dxc4 9. Bxc4 b6 10. Qe2 Bb7 11. Rd1 Nc6 12. d5 exd5 13. Nxd5 Nxd5 14.
Bxd5 Qe7 15. Qxe7 Bxe7 16. Be3 Rac8 17. Rac1 Rfd8 18. Bg5 Kf8 19. Bxe7+
Kxe7 20. Ng5 f6 21. Re1+ Ne5 22. Bxb7 Rxc1 23. Rxc1 fxg5 24. Be4 Rd2 25. h3
Kd6 26. Rc2 Rxc2 27. Bxc2 h6 28. Kf1 Nc4 29. b3 Na3 30. Bd3 Kc5 31. Ke2 Kd4
32. Kd2 h5 33. Bg6 h4 34. Bd3 a5 35. f3 b5 36. Bg6 b4 37. Bd3 g6 38. Ke2
Kc3 39. Bxg6 Kb2 40. g3 hxg3 41. f4 gxf4 42. h4 Nb5 43. Kf3 Nd4+ 44. Kg2
Nc6 45. h5 Ne5 46. Be8 Ng4 47. Bd7 Nh6 48. Be6 Kxa2 49. Kf3 Ka3 50. Bd5 a4
51. bxa4 Kxa4 52. Kxf4 b3 53. Kxg3 b2 54. Be4 Ng8 55. Bb1 Kb4 56. Kf4 Kc3
57. Kg5 Kd2 58. Kg6 Kc1 59. Be4 b1=Q 60. Bxb1 Kxb1 61. Kg7 Ne7 62. Kf6 Ng8+
63. Kg7 Ne7 64. Kf7 Nf5 65. Kg6 Ne7+ 66. Kf7 Nf5 67. Kf6 Nh6 68. Kg6 Ng8
69. Kg7 Ne7 70. h6 Nf5+ 71. Kg6 Nxh6 72. Kxh6 1/2-1/2

[Event "World Rapid 2023"]
[Site "Samarkand UZB"]
[Date "2023.12.26"]
[EventDate "2023.12.26"]
[Round "2.64"]
[Result "1-0"]
[White "Alexander Riazantsev"]
[Black "O`gorman, Tom"]
[WhiteElo "2570"]
[BlackElo "2299"]
[PlyCount "110"]

1. d4 d5 2. c4 e6 3. Nc3 Nf6 4. Bg5 Be7 5. e3 O-O 6. Nf3 h6 7. Bxf6 Bxf6 8.
cxd5 exd5 9. Qb3 c6 10. Bd3 Re8 11. O-O Nd7 12. h3 Nf8 13. Rae1 Ne6 14. Qc2
Ng5 15. Nh2 Qe7 16. f4 Ne4 17. Nxe4 dxe4 18. Bc4 Be6 19. Rc1 c5 20. Bxe6
Qxe6 21. Qxc5 Qxa2 22. Ng4 Be7 23. Qb5 a6 24. Qxb7 Rab8 25. Qxe4 Bf8 26.
Qb1 Rxb2 27. Qxa2 Rxa2 28. Ra1 Rxa1 29. Rxa1 f6 30. Kf2 Ra8 31. Kf3 a5 32.
Ra4 Kf7 33. f5 Ke7 34. Ke4 Kd6 35. Kd3 Kc6 36. Kc4 Kb6 37. e4 Rc8+ 38. Kd3
Kb5 39. Ra1 a4 40. Ne3 a3 41. Nd5 Rc6 42. Nc3+ Ka5 43. e5 Bb4 44. Nd5 fxe5
45. dxe5 Rc5 46. Kd4 Rc2 47. Nxb4 Kxb4 48. e6 Rxg2 49. Ke3 Rg3+ 50. Kf4 Rc3
51. e7 Rc8 52. Ke5 Kb3 53. Ke6 Kb2 54. Rxa3 Kxa3 55. Kd7 1-0

[Event "World Rapid 2023"]
[Site "Samarkand UZB"]
[Date "2023.12.26"]
[EventDate "2023.12.26"]
[Round "2.65"]
[Result "1/2-1/2"]
[White "Rinat Jumabayev"]
[Black "Almas Rakhmatullaev"]
[WhiteElo "2531"]
[BlackElo "2251"]
[PlyCount "128"]

1. d4 d5 2. c4 e6 3. Nf3 a6 4. cxd5 exd5 5. Nc3 Nf6 6. Bg5 c6 7. Qc2 h6 8.
Bh4 Be7 9. e3 O-O 10. Bd3 Re8 11. O-O Nbd7 12. h3 Ne4 13. Bxe4 Bxh4 14.
Bh7+ Kh8 15. Bd3 Bf6 16. Rad1 Nf8 17. e4 dxe4 18. Bxe4 Bd7 19. Rfe1 Rc8 20.
Qb3 b5 21. Qxf7 b4 22. Na4 Be6 23. Qh5 Bxa2 24. Nc5 a5 25. Nb7 Qc7 26. Qxa5
Bb3 27. Qxc7 Rxc7 28. Bxc6 Bxd1 29. Rxe8 Rxc6 30. Rxf8+ Kh7 31. Ne5 Rc2 32.
Rb8 Rxb2 33. Nd7 Be7 34. d5 Rd2 35. d6 Bxd6 36. Nxd6 Rxd6 37. Nc5 Rd5 38.
Ne6 b3 39. g4 Bc2 40. Kg2 Ra5 41. Nd4 Ra2 42. Kg3 Bd1 43. f3 b2 44. h4 Kg6
45. Rb6+ Kf7 46. g5 hxg5 47. hxg5 g6 48. Kf4 Ke7 49. Ke5 Kd7 50. Rb7+ Kc8
51. Rb4 Kc7 52. Kd5 Ra5+ 53. Ke4 Ra2 54. Kd5 Kd7 55. Rb7+ Kc8 56. Rb6 Kc7
57. Rb4 Ra5+ 58. Ke4 Ra2 59. Kd5 Kd7 60. Rb7+ Kc8 61. Rb6 Kd7 62. Rb7+ Kc8
63. Rb6 Kd7 64. Ke4 1/2-1/2

[Event "World Rapid 2023"]
[Site "Samarkand UZB"]
[Date "2023.12.26"]
[EventDate "2023.12.26"]
[Round "2.66"]
[Result "0-1"]
[White "Felix Xie"]
[Black "Vugar Asadli"]
[WhiteElo "2164"]
[BlackElo "2499"]
[PlyCount "84"]

1. Nf3 Nf6 2. b3 g6 3. Bb2 Bg7 4. g3 b6 5. Bg2 Bb7 6. O-O O-O 7. c4 c5 8.
d4 cxd4 9. Qxd4 d6 10. Rd1 Nbd7 11. Nc3 Rc8 12. Rac1 Rc5 13. Qd3 Qa8 14.
Qb1 Rfc8 15. Ne1 Bxg2 16. Nxg2 a6 17. a4 Bh6 18. Rc2 R5c7 19. Bc1 Bg7 20.
Nf4 Rb7 21. Bb2 Ne5 22. Qa1 h5 23. Nfd5 Nh7 24. Ne4 f6 25. Nf4 Nf8 26. Nc3
Bh6 27. Bc1 Bg7 28. h4 Rc6 29. Ncd5 Qc8 30. Nb4 Rc5 31. Nbd3 Rc6 32. Nb4
Rc5 33. Nbd3 g5 34. Ng2 Nfg6 35. Bb2 Nxd3 36. Rxd3 b5 37. axb5 axb5 38. Qa6
bxc4 39. bxc4 Rc6 40. Qa4 Rcb6 41. Bd4 Rb1+ 42. Kh2 Qh3+ 0-1

[Event "World Rapid 2023"]
[Site "Samarkand UZB"]
[Date "2023.12.26"]
[EventDate "2023.12.26"]
[Round "2.67"]
[Result "1-0"]
[White "Liam Vrolijk"]
[Black "Khumoyun Begmuratov"]
[WhiteElo "2498"]
[BlackElo "2292"]
[PlyCount "112"]

1. Nf3 Nf6 2. c4 e6 3. Nc3 d5 4. e3 Be7 5. b3 O-O 6. Bb2 b6 7. cxd5 exd5 8.
d4 a6 9. g3 Bd6 10. Bg2 Bb7 11. O-O Nbd7 12. Rc1 Qe7 13. Ne2 a5 14. Nf4
Rfc8 15. Re1 Bb4 16. Re2 c6 17. Rec2 a4 18. Ne5 axb3 19. axb3 Nxe5 20. dxe5
Nd7 21. Nd3 Ba3 22. Bxa3 Qxa3 23. b4 Re8 24. f4 Qa7 25. Nf2 Rad8 26. Ra1
Qb8 27. Rd2 b5 28. e4 Nb6 29. Rd4 dxe4 30. Nxe4 Nc4 31. Qd3 Rxd4 32. Qxd4
Rd8 33. Qa7 Qc8 34. Nc5 Ba8 35. e6 fxe6 36. Bh3 Qb8 37. Nxe6 Rd1+ 38. Kf2
Rd2+ 39. Ke1 Qxa7 40. Rxa7 Rxh2 41. Rxa8+ Kf7 42. Ng5+ Ke7 43. Ra7+ Kf6 44.
Bd7 Ne3 45. Bxc6 h6 46. Ne4+ Ke6 47. Nc5+ Kf6 48. Be4 Rb2 49. Nd3 Rc2 50.
Ra6+ Ke7 51. Ne5 Rb2 52. Rb6 h5 53. Rxb5 h4 54. gxh4 Kd8 55. Rb7 g6 56. b5
1-0

[Event "World Rapid 2023"]
[Site "Samarkand UZB"]
[Date "2023.12.26"]
[EventDate "2023.12.26"]
[Round "2.68"]
[Result "1-0"]
[White "Johan-Sebastian Christiansen"]
[Black "Rojas Salas, Steven"]
[WhiteElo "2494"]
[BlackElo "2175"]
[PlyCount "74"]

1. e4 c5 2. Nf3 e6 3. c3 d5 4. e5 d4 5. d3 Bd7 6. g3 Bc6 7. Bg2 Nd7 8. O-O
Ne7 9. Re1 Ng6 10. Nbd2 Qc7 11. Qe2 Be7 12. h4 h5 13. a4 a6 14. a5 Bd5 15.
Nc4 Rd8 16. Nfd2 Kf8 17. Nf3 Bxc4 18. dxc4 d3 19. Qxd3 Ndxe5 20. Qe4 Nc6
21. Ng5 Qe5 22. Be3 Bxg5 23. Bxg5 Qxe4 24. Bxe4 Nge7 25. Be3 f5 26. Bg2 Kf7
27. Bxc5 Rd2 28. b4 Rb2 29. Re3 Rc8 30. Rae1 Nd8 31. Rd3 Nec6 32. Rd7+ Kf6
33. Be3 Nf7 34. Rxb7 Ne7 35. Rb6 Rxc4 36. Bc1 Ne5 37. Bxb2 1-0

[Event "World Rapid 2023"]
[Site "Samarkand UZB"]
[Date "2023.12.26"]
[EventDate "2023.12.26"]
[Round "2.69"]
[Result "0-1"]
[White "Rudik Makarian"]
[Black "Faustino Oro"]
[WhiteElo "2466"]
[BlackElo "2150"]
[PlyCount "80"]

1. d4 Nf6 2. c4 e6 3. Nf3 d5 4. Nc3 dxc4 5. e4 b5 6. e5 Nd5 7. Nxb5 Nb6 8.
Be2 Nc6 9. Be3 Be7 10. a3 O-O 11. Qc2 Na5 12. Rd1 Bb7 13. Nc3 Nd5 14. Bd2
c5 15. dxc5 Bxc5 16. Ng5 g6 17. h4 Nb3 18. Bxc4 Nxd2 19. Rxd2 Qb8 20. Nxd5
exd5 21. Bxd5 Qxe5+ 22. Ne4 Rac8 23. Qb3 Ba6 24. Qg3 Bb4 25. axb4 Rc1+ 26.
Rd1 Rxd1+ 27. Kxd1 Qxd5+ 28. Nd2 Rd8 29. Qc3 Qxg2 30. Re1 Qxf2 31. h5 Qf4
32. Qe3 Qg4+ 33. Kc1 Bd3 34. b3 Qxh5 35. Kb2 Qd5 36. Qxa7 Bf5 37. Re2 Qd3
38. Rf2 Qc2+ 39. Ka3 Qc1+ 40. Ka2 Rxd2+ 0-1

[Event "World Rapid 2023"]
[Site "Samarkand UZB"]
[Date "2023.12.26"]
[EventDate "2023.12.26"]
[Round "2.70"]
[Result "0-1"]
[White "Van Foreest, Lucas"]
[Black "Sumiya Chinguun"]
[WhiteElo "2484"]
[BlackElo "2130"]
[PlyCount "66"]

1. d4 Nf6 2. Nf3 g6 3. Nbd2 d5 4. Nb3 Bg7 5. Bf4 O-O 6. e3 Ne4 7. Bd3 c5 8.
c4 cxd4 9. exd4 Nc6 10. O-O a5 11. Re1 Nf6 12. c5 a4 13. Nbd2 a3 14. bxa3
Rxa3 15. Nb3 Bg4 16. h3 Bxf3 17. Qxf3 Ne4 18. Bxe4 Nxd4 19. Qe3 dxe4 20.
Rad1 e5 21. Qxe4 exf4 22. Nxd4 Ra4 23. Qxb7 Rxd4 24. Rxd4 Qxd4 25. c6 Qc3
26. Rb1 Bd4 27. Qd7 Bxf2+ 28. Kh1 f3 29. Rf1 fxg2+ 30. Kxg2 Qg3+ 31. Kh1
Qf3+ 32. Kh2 Bg3+ 33. Kg1 Qe2 0-1

[Event "World Rapid 2023"]
[Site "Samarkand UZB"]
[Date "2023.12.26"]
[EventDate "2023.12.26"]
[Round "2.71"]
[Result "1/2-1/2"]
[White "Asrorjon Omonov"]
[Black "Elham Amar"]
[WhiteElo "2005"]
[BlackElo "2475"]
[PlyCount "74"]

1. d4 Nf6 2. c4 e6 3. Nc3 d5 4. Nf3 dxc4 5. e3 a6 6. a4 b6 7. Bxc4 Bb7 8.
O-O c5 9. Qe2 Qc7 10. Rd1 Be7 11. d5 exd5 12. Nxd5 Nxd5 13. Bxd5 Bxd5 14.
Rxd5 Nc6 15. Bd2 Bf6 16. Bc3 Bxc3 17. bxc3 O-O 18. Rad1 Rfd8 19. h3 h6 20.
e4 Re8 21. Rd7 Qf4 22. Qb2 Re6 23. Qd2 Qxe4 24. Re1 Qf5 25. Rd6 Nd4 26.
Rexe6 Nxf3+ 27. gxf3 fxe6 28. Rd8+ Rxd8 29. Qxd8+ Kh7 30. Qxb6 Qg5+ 31. Kf1
Qc1+ 32. Kg2 Qxc3 33. Qxa6 c4 34. Qxe6 Qd3 35. f4 c3 36. f5 c2 37. Qg6+
1/2-1/2

[Event "World Rapid 2023"]
[Site "Samarkand UZB"]
[Date "2023.12.26"]
[EventDate "2023.12.26"]
[Round "2.72"]
[Result "1-0"]
[White "Sumiya Bilguun"]
[Black "Ali Kasimov"]
[WhiteElo "2474"]
[BlackElo "2114"]
[PlyCount "56"]

1. e4 c5 2. Nc3 Nc6 3. Bb5 Nd4 4. Nf3 e6 5. O-O a6 6. Bd3 Nc6 7. Re1 g5 8.
h3 h5 9. Nh2 Bg7 10. Bf1 d6 11. d3 Ne5 12. g3 h4 13. g4 Qf6 14. Ne2 Ng6 15.
Bg2 N8e7 16. c3 e5 17. d4 cxd4 18. cxd4 O-O 19. Nf3 Nf4 20. Nxf4 exf4 21.
Bd2 Nc6 22. Bc3 Qe7 23. e5 d5 24. Bf1 Be6 25. Bd3 f5 26. exf6 Bxf6 27. Bf5
Nd8 28. Ba5 Qd7 1-0

[Event "World Rapid 2023"]
[Site "Samarkand UZB"]
[Date "2023.12.26"]
[EventDate "2023.12.26"]
[Round "2.73"]
[Result "1-0"]
[White "V Pranav"]
[Black "Jaloliddin Ilkhomi"]
[WhiteElo "2430"]
[BlackElo "1989"]
[PlyCount "118"]

1. e4 e6 2. d4 d5 3. Nc3 Bb4 4. e5 c5 5. Bd2 Ne7 6. a3 Bxc3 7. Bxc3 b6 8.
h4 Ba6 9. Bxa6 Nxa6 10. Qe2 Nb8 11. h5 h6 12. f4 Nf5 13. Rh3 cxd4 14. Bd2
Nc6 15. g4 Nfe7 16. Nf3 Qd7 17. O-O-O O-O-O 18. Be1 Kb7 19. Nxd4 Nxd4 20.
Rxd4 Rc8 21. b3 Rc7 22. Rh2 Rhc8 23. Qf3 Nc6 24. Rd1 Kb8 25. Re2 Qe7 26.
Kb2 Qc5 27. Qd3 Qf8 28. Bc3 Rb7 29. f5 b5 30. Be1 Qe7 31. Bf2 Na5 32. Ka2
Rc6 33. Be1 Ra6 34. Bb4 Qd7 35. fxe6 fxe6 36. Rf1 Ka8 37. Rf8+ Rb8 38.
Rxb8+ Kxb8 39. Rf2 Nc6 40. Bd6+ Kb7 41. Qxb5+ Rb6 42. Qf1 Nd8 43. Bc5 Rc6
44. Qb5+ Kc8 45. Rf8 a6 46. Qa5 Qc7 47. Qxc7+ Kxc7 48. Bd6+ Kd7 49. Kb2 Rc8
50. Rg8 Nf7 51. Rxg7 Ke8 52. c3 Rc6 53. Rg6 Kd7 54. Rf6 Nxd6 55. exd6 Kxd6
56. Rxh6 Rc8 57. Rg6 Ke5 58. h6 Rh8 59. g5 1-0

[Event "World Rapid 2023"]
[Site "Samarkand UZB"]
[Date "2023.12.26"]
[EventDate "2023.12.26"]
[Round "2.74"]
[Result "1-0"]
[White "Renato Terry"]
[Black "Timur Yonal"]
[WhiteElo "2471"]
[BlackElo "1854"]
[PlyCount "50"]

1. e4 c5 2. Nf3 d6 3. Bb5+ Bd7 4. Bxd7+ Qxd7 5. O-O Nc6 6. c3 Nf6 7. d4
cxd4 8. cxd4 d5 9. e5 Ne4 10. Ne1 f6 11. Nd3 fxe5 12. f3 exd4 13. fxe4 dxe4
14. Nc5 Qd5 15. b4 Nxb4 16. Qa4+ Nc6 17. Nxb7 Kd7 18. Nc3 dxc3 19. Rd1 e6
20. Be3 Rc8 21. Qb5 Kc7 22. Rxd5 exd5 23. Bf4+ Kd7 24. Qxd5+ Ke8 25. Qe6+
1-0

[Event "World Rapid 2023"]
[Site "Samarkand UZB"]
[Date "2023.12.26"]
[EventDate "2023.12.26"]
[Round "2.75"]
[Result "0-1"]
[White "Robert Ruck"]
[Black "Danis Kuandykuly"]
[WhiteElo "2470"]
[BlackElo "1755"]
[PlyCount "80"]

1. Nf3 Nf6 2. g3 b5 3. Bg2 Bb7 4. O-O e6 5. b3 Be7 6. c4 b4 7. d4 O-O 8.
Bb2 d6 9. Qc2 Nbd7 10. Nbd2 c5 11. Rad1 Rc8 12. Qb1 Qb6 13. e4 cxd4 14.
Bxd4 Qc6 15. Rfe1 e5 16. Bxa7 Ra8 17. Be3 Qa6 18. Nh4 g6 19. Bg5 Qxa2 20.
Qd3 Nc5 21. Qf3 Kg7 22. Bh3 h6 23. Bxf6+ Bxf6 24. Ng2 Bg5 25. Ne3 f5 26.
Bg2 fxe4 27. Qg4 Nd3 28. Re2 Nxf2 29. Qd7+ Rf7 30. Qxf7+ Kxf7 31. Rxf2+ Kg7
32. Ndf1 Qxb3 33. Rxd6 Bxe3 34. Nxe3 Qxe3 35. Rd7+ Kg8 36. Bh3 Rf8 37. Be6+
Kh8 38. Bf7 Bc6 39. Rc7 b3 40. Kg2 Qxf2+ 0-1

[Event "World Rapid 2023"]
[Site "Samarkand UZB"]
[Date "2023.12.26"]
[EventDate "2023.12.26"]
[Round "2.76"]
[Result "0-1"]
[White "Nikolay Tregubenko"]
[Black "Vadim Zvjaginsev"]
[WhiteElo "1815"]
[BlackElo "2469"]
[PlyCount "124"]

1. e4 c5 2. Nf3 g6 3. d4 cxd4 4. Nxd4 Nf6 5. Nc3 d6 6. f3 Nc6 7. Bc4 Bg7 8.
Be3 Na5 9. Bb3 Bd7 10. Qd2 Rb8 11. O-O-O b5 12. Bh6 Bxh6 13. Qxh6 Nxb3+ 14.
Nxb3 Rc8 15. Rhe1 Qc7 16. Rd2 Qc4 17. Rde2 e5 18. f4 b4 19. fxe5 bxc3 20.
exf6 Bg4 21. Rf2 cxb2+ 22. Kb1 Be6 23. Qd2 Qc3 24. Qxc3 Rxc3 25. Kxb2 Rc4
26. Rd2 O-O 27. Rxd6 h6 28. Rd4 Rc7 29. Red1 Kh7 30. Rd8 Rxd8 31. Rxd8 g5
32. e5 Rb7 33. Rd4 Kg6 34. g4 h5 35. gxh5+ Kxh5 36. c4 g4 37. Kc3 Rc7 38.
Nd2 Rc8 39. Ne4 Kg6 40. c5 Bxa2 41. Kb4 Be6 42. Nd6 Rb8+ 43. Kc3 Rb3+ 44.
Kc2 Re3 45. c6 Rxe5 46. Rd3 Rc5+ 47. Rc3 Rxc3+ 48. Kxc3 Kxf6 49. c7 a5 50.
Nb7 Kg5 51. Nxa5 Kh4 52. Nc4 Kh3 53. Kd4 Kxh2 54. Ke3 g3 55. Ne5 g2 56.
Nf3+ Kg3 57. Ke4 f5+ 58. Ke3 Bc8 59. Ng1 f4+ 60. Ke4 Bg4 61. Kd3 Kf2 62.
Kd4 0-1

[Event "World Rapid 2023"]
[Site "Samarkand UZB"]
[Date "2023.12.26"]
[EventDate "2023.12.26"]
[Round "2.77"]
[Result "0-1"]
[White "David Bogdan"]
[Black "Tigran K Harutyunyan"]
[WhiteElo "1745"]
[BlackElo "2441"]
[PlyCount "154"]

1. c4 e6 2. Nf3 d5 3. b3 Nf6 4. Bb2 b6 5. g3 Bb7 6. Bg2 Be7 7. O-O O-O 8.
d3 c5 9. e3 Nc6 10. Nbd2 Qc7 11. a3 Rfd8 12. Qc2 e5 13. Rfd1 Bf8 14. Rac1
dxc4 15. dxc4 Re8 16. Ng5 h6 17. Nge4 Nxe4 18. Nxe4 f5 19. Nc3 e4 20. Nd5
Qf7 21. Rd2 Ne5 22. Bxe5 Rxe5 23. Rcd1 Rae8 24. Nc3 Bc6 25. Bf1 g5 26. Nb5
Qg7 27. Rd8 a6 28. Rxe8 Rxe8 29. Nd6 Re5 30. b4 Qf6 31. b5 Ba8 32. Qd2 a5
33. Nc8 Bb7 34. Qd8 Qxd8 35. Rxd8 Re6 36. a4 Bxc8 37. Rxc8 Kf7 38. Rd8 Be7
39. Rd5 Rf6 40. Bg2 Bd6 41. Kf1 f4 42. exf4 gxf4 43. Ke1 e3 44. fxe3 fxg3
45. hxg3 Bxg3+ 46. Kd1 Rf2 47. Rd2 Rf6 48. Rd5 Ke7 49. Bh3 Bd6 50. Bf5 h5
51. e4 Ke8 52. Ke2 h4 53. Rd1 Rh6 54. Rh1 Bg3 55. Bh3 Be5 56. Bf5 Ke7 57.
Rh3 Bg3 58. Rh1 Kf6 59. Kf3 Kg5 60. Rd1 Be5 61. Rg1+ Kf6 62. Rh1 Rh8 63.
Rg1 h3 64. Rg6+ Kf7 65. Rg1 h2 66. Rh1 Rd8 67. Ke3 Rd4 68. Bg4 Rxc4 69. Bd1
Rc3+ 70. Kd2 Ra3 71. Bc2 c4 72. Ke2 Ke7 73. Kd2 Kd6 74. Ke2 Kc5 75. Rd1 Bd4
76. e5 Re3+ 77. Kd2 Rxe5 0-1

[Event "World Rapid 2023"]
[Site "Samarkand UZB"]
[Date "2023.12.26"]
[EventDate "2023.12.26"]
[Round "2.62"]
[Result "1-0"]
[White "Shamsiddin Vokhidov"]
[Black "Mukhammadzokhid Suyarov"]
[WhiteElo "2527"]
[BlackElo "2089"]
[PlyCount "176"]

1. e4 e5 2. Nf3 Nf6 3. d4 Nxe4 4. Bd3 Nc6 5. dxe5 d5 6. exd6 Nxd6 7. O-O
Be7 8. Bf4 O-O 9. Nc3 Bf6 10. Qd2 Bg4 11. Ng5 Bf5 12. Bxf5 Nxf5 13. Nge4
Be5 14. Bxe5 Qxd2 15. Nxd2 Nxe5 16. Rfe1 Nc6 17. Nf3 Rad8 18. Ne4 Nfd4 19.
Nxd4 Nxd4 20. Rac1 Rfe8 21. c3 Nc6 22. f4 f5 23. Nc5 b6 24. Na6 Rxe1+ 25.
Rxe1 Rd7 26. Re8+ Kf7 27. Rc8 Ne7 28. Rxc7 Rd2 29. Nb4 Kf6 30. Rxa7 Rxb2
31. Rb7 Nc8 32. Rb8 Nd6 33. Rxb6 Ke6 34. a4 Kd7 35. h3 Rb1+ 36. Kh2 Ra1 37.
Ra6 Ne4 38. Nd5 h5 39. Ne3 g5 40. h4 gxf4 41. Nd5 Nf2 42. Nxf4 Rh1+ 43. Kg3
Ne4+ 44. Kf3 Rxh4 45. Nd5 Nc5 46. Rf6 Nd3 47. Rxf5 Ke6 48. Rg5 Rxa4 49. Ke3
Ne5 50. Nf4+ Kf6 51. Rxh5 Ng4+ 52. Kf3 Ne5+ 53. Kg3 Rc4 54. Ne2 Re4 55. Nd4
Nc4 56. Rf5+ Kg6 57. Rf4 Re3+ 58. Rf3 Re4 59. Kf2 Ne5 60. Rg3+ Kf6 61. Rh3
Kg6 62. Ne2 Ra4 63. Rh8 Ng4+ 64. Kg3 Ne5 65. Re8 Kf6 66. Nd4 Ng6 67. Rc8
Ra3 68. Rc6+ Kf7 69. Nf3 Ne7 70. Rc5 Ra2 71. Nd4 Kf6 72. Kf3 Ng6 73. g3
Ne5+ 74. Ke4 Ra1 75. Nc2 Ra4+ 76. Nb4 Nd7 77. Rc6+ Ke7 78. Kd4 Ra1 79. Nd5+
Kf7 80. Ne3 Ra2 81. c4 Rd2+ 82. Ke4 Nf6+ 83. Kf3 Rd3 84. Kf4 Nd7 85. Nf5
Nf8 86. g4 Rd1 87. Rc7+ Kg6 88. Rg7+ 1-0

[Event "World Rapid 2023"]
[Site "Samarkand UZB"]
[Date "2023.12.26"]
[EventDate "2023.12.26"]
[Round "3.2"]
[Result "0-1"]
[White "Pavel Ponkratov"]
[Black "Richard Rapport"]
[WhiteElo "2580"]
[BlackElo "2802"]
[PlyCount "68"]

1. e4 c6 2. d4 d5 3. e5 Bf5 4. Nd2 e6 5. Nb3 Nd7 6. Nf3 Rc8 7. c3 c5 8.
dxc5 Bxc5 9. Nxc5 Nxc5 10. Be3 a6 11. Nd4 Ne7 12. Be2 O-O 13. O-O Bg6 14.
a4 Nf5 15. Nxf5 Bxf5 16. a5 Qc7 17. Bd4 Nd7 18. f4 Be4 19. b4 f5 20. Rf2
Rf7 21. Bf1 Qd8 22. b5 axb5 23. Rb2 Nb8 24. Rxb5 g5 25. Qb3 Nc6 26. Bb6 Qd7
27. fxg5 f4 28. Ra2 Nxe5 29. Bd4 Nc4 30. Bf6 h6 31. h4 hxg5 32. hxg5 Rh7
33. a6 bxa6 34. Rb8 Qa7+ 0-1

[Event "World Rapid 2023"]
[Site "Samarkand UZB"]
[Date "2023.12.26"]
[EventDate "2023.12.26"]
[Round "3.3"]
[Result "0-1"]
[White "Nodirbek Abdusattorov"]
[Black "S L Narayanan"]
[WhiteElo "2676"]
[BlackElo "2586"]
[PlyCount "78"]

1. d4 Nf6 2. c4 e6 3. Nc3 Bb4 4. e3 O-O 5. Bd3 d5 6. cxd5 exd5 7. Ne2 Re8
8. O-O a5 9. Bd2 Na6 10. Rc1 Bf8 11. f3 c5 12. Kh1 b6 13. a3 Nc7 14. Nf4
Ba6 15. Bxa6 Rxa6 16. a4 Qd7 17. Qb3 Raa8 18. g4 h6 19. Nce2 Bd6 20. Qd1
Ne6 21. b3 cxd4 22. exd4 Rac8 23. Rxc8 Qxc8 24. Nxe6 Qxe6 25. Nf4 Qd7 26.
Re1 Rxe1+ 27. Qxe1 Qc7 28. Qe3 Qc2 29. Ne2 Bb4 30. Bxb4 axb4 31. h4 Qd1+
32. Kg2 Qe1 33. Qe7 Ne4 34. fxe4 Qxe2+ 35. Kg3 Qe3+ 36. Kg2 Qxe4+ 37. Qxe4
dxe4 38. Kg3 h5 39. gxh5 f5 0-1